Statistics for Tottenham Champions League 2018/19 2-3 Winning Team vs. Ajax

Click here to take the quiz!

General Stats

  • This quiz has been taken 99 times
  • The average score is 12 of 15

Answer Stats

HintAnswer% Correct
no.1Hugo Lloris
99%
no.7Heung-Min Son
95%
no.20Dele Alli
93%
no.5Jan Vertonghen
93%
no.27Lucas Moura
92%
no.4Toby Alderweireld
90%
no.23Christian Eriksen
85%
CoachMauricio Pochettino
85%
no.3Danny Rose
84%
no.2Kieran Trippier
80%
no.17Moussa Sissoko
77%
Sub3 no.33Ben Davies
68%
no.12Victor Wanyama
66%
Sub1 no.18Fernando Llorente
65%
Sub2 no.11Erik Lamela
64%

Score Distribution

Percentile by Number Answered

Percent of People with Each Score

Your Score History

You have not taken this quiz